Catalog

Record Details

Catalog Search



Život současné malotřídní školy zkoumaný na Základní škole Teplýšovice, okres Benešov : bakalářská práce Cover Image Book Book

Život současné malotřídní školy zkoumaný na Základní škole Teplýšovice, okres Benešov : bakalářská práce Pavel Goby ; Vedoucí práce: Mgr. Marie Ortová

Record details

  • Physical Description: 98 s. 3 příl.

Content descriptions

Bibliography, etc. Note:
bibliogr. s. 91

Available copies

  • 1 of 1 copy available at Common Catalog SPOK.

Holds

  • 0 current holds with 1 total copy.
Show Only Available Copies
Location Call Number / Copy Notes Barcode Shelving Location Status Due Date
Jabok Library ABP-1290 424480022215 Absolventské práce Reference -

Electronic resources

Version of Resource: Plný text


LDR 00782ntm a22 a 4500
00115951
003CZ-PrJAB
00520210225095306.0
008081111s2007 xr e |||| |cze
009cz
035 . ‡a(CONS)15951
035 . ‡aKPS0018426
0410 . ‡acze
10011. ‡714786 ‡aGoby, Pavel
110 2. ‡aEvangelická teologická fakulta Univerzity Karlovy
2451 . ‡aŽivot současné malotřídní školy zkoumaný na Základní škole Teplýšovice, okres Benešov : ‡bbakalářská práce ‡cPavel Goby ; Vedoucí práce: Mgr. Marie Ortová
260 . ‡aPraha ‡c2007
300 . ‡a98 s. ‡b3 příl.
504 . ‡abibliogr. s. 91
653 . ‡amalotřídky ‡azákladní školy ‡aTeplýšovice ‡aalternativní školy ‡aškolní vzdělávací programy ‡aintegrace žáků
70011. ‡74205 ‡aOrtová, Marie
999 . ‡a1290- ‡c1290- ‡i424480022215 ‡tP
910 . ‡aABG312
85641. ‡uhttps://dspace.cuni.cz/handle/20.500.11956/12698 ‡yPlný text
901 . ‡a15951 ‡bCZ-PrJAB ‡c15951 ‡tbiblio

Additional Resources